Kinh tế Trung Quốc thập niên đầu thế kỷ XXI : Hai bức tranh tương phản /

Bewaard in:
Bibliografische gegevens
Hoofdauteur: Phạm Thái Quốc, PGS.TS.
Formaat: Artikel
Taal:Vietnamese
Onderwerpen:
Tags: Voeg label toe
Geen labels, Wees de eerste die dit record labelt!
Thư viện lưu trữ: Thư viện Trường Đại học Đà Lạt
LEADER 00875nam a2200277 4500
001 DLU110128211
005 ##20111118
040 # # |a DLU  |b vie 
041 # # |a vie 
044 # # |a vn 
100 # # |a Phạm Thái Quốc,   |c PGS.TS. 
245 # # |a Kinh tế Trung Quốc thập niên đầu thế kỷ XXI :  |b Hai bức tranh tương phản /  |c Phạm Thái Quốc. 
653 # # |a Ô nhiễm môi trường 
653 # # |a Kinh tế Trung Quốc 
653 # # |a Tăng trưởng kinh tế 
653 # # |a Tài nguyên kiệt quệ 
773 # # |t Nghiên cứu Trung Quốc  |g Số 6(106), 2010, tr. 17-26 
920 # # |a Phòng Tạp chí -- Trung tâm Thông tin - Thư viện Trường Đại học Đà Lạt 
994 # # |a DLU 
900 # # |a True 
911 # # |a Nguyễn Thị Linh Chi 
925 # # |a G 
926 # # |a A 
927 # # |a BB 
980 # # |a Thư viện Trường Đại học Đà Lạt